Logo Biblioteca

La casa de Bernarda Alba / (Registro nro. 864)

Detalles MARC
000 -LEADER
fixed length control field 01152nam a22002297a 4500
003 - CONTROL NUMBER IDENTIFIER
control field AR-RoUNCS
005 - DATE AND TIME OF LATEST TRANSACTION
control field 20251219122514.0
008 - FIXED-LENGTH DATA ELEMENTS--GENERAL INFORMATION
fixed length control field 251219t2019 ag ||||| |||| 00| 1 spa||
020 ## - INTERNATIONAL STANDARD BOOK NUMBER
International Standard Book Number 978-987-1026-48-7
040 ## - CATALOGING SOURCE
Transcribing agency AR-RoUNCS
Original cataloging agency AR-RoUNCS
080 ## - UNIVERSAL DECIMAL CLASSIFICATION NUMBER
Authority record control number or standard number 82-2(460)
100 10 - MAIN ENTRY--PERSONAL NAME
Personal name García Lorca, Federico,
Dates associated with a name 1898-1936
Relator term autor
245 13 - TITLE STATEMENT
Title La casa de Bernarda Alba /
Statement of responsibility, etc. Federico García Lorca.
250 ## - EDITION STATEMENT
Edition statement 1a ed.
260 ## - PUBLICATION, DISTRIBUTION, ETC.
Place of publication, distribution, etc. Santa Fe :
Name of publisher, distributor, etc. Ministerio de Educación de la Provincia de Santa Fe,
Date of publication, distribution, etc. 2019.
300 ## - PHYSICAL DESCRIPTION
Extent 88 p. ;
Dimensions 25 cm.
490 0# - SERIES STATEMENT
Series statement Redes de Tinta
520 3# - SUMMARY, ETC.
Summary, etc. La casa de Bernarda Alba es una obra de teatro en tres actos escrita por Federico García Lorca en 1936 y estrenada en 1945.<br/>Se centra en la vida de Bernarda Alba y sus cinco hijas tras la muerte de su segundo marido. La trama aborda temas como la opresión, la moral tradicional, la envidia y el deseo.<br/>La obra es una crítica a las normas sociales que limitan la libertad, particularmente la de las mujeres, por lo que se ha convertido en un clásico de la dramaturgia moderna.
650 #4 - SUBJECT ADDED ENTRY--TOPICAL TERM
Topical term or geographic name entry element Literatura española
Chronological subdivision Siglo XIX
655 #4 - INDEX TERM--GENRE/FORM
Genre/form data or focus term Teatro
942 ## - ADDED ENTRY ELEMENTS (KOHA)
Source of classification or shelving scheme Dewey Decimal Classification
Koha item type Libro de préstamo a domicilio
Suppress in OPAC No
Existencias
Withdrawn status Lost status Source of classification or shelving scheme Damaged status Not for loan Collection Home library Current library Date acquired Source of acquisition Total checkouts Total renewals Full call number Barcode Date last seen Date last checked out Price effective from Koha item type
    Universal Decimal Classification     Colección General Biblioteca Escuela de Ciencias Sociales Biblioteca Escuela de Ciencias Sociales 19/12/2025 Donación 2023 1 1 82-2(460) G216 000298 24/06/2026 19/05/2026 19/12/2025 Libro de préstamo a domicilio
Biblioteca de la Escuela Preuniversitaria en Ciencias Sociales y Humanísticas.
Riobamba 250 bis.
CP 2000 - Rosario - Santa Fe
E-Mail: biblioteca@esociales.unr.edu.ar